000 00313nam a2200121Ia 4500
008 191201s2014 xx 000 0 und d
100 _aHENNESSY,John L
245 0 _aComputer Architecture A Quntitative Approach
260 _aN. delhi
_bElsevier
_c2014
300 _amisc
650 _aM.Tech(CSE)
942 _2ddc
_cBK
999 _c6019
_d6019